000 00626nam a2200241 a 4500
999 _c7873
_d7873
001 7873
003 BD-JhCC
005 20181016134016.0
008 180215s2012 b a|||| |||| 000 0 eng d
035 _a(BD-JhCC)7873
040 _aBD-JhCC
_dBD-JhCC
041 _aeng
082 _a001
_bSIN 2012
100 _aSingh, Major Jodh
245 _aCheck your I. Q. and ISSB /
_cMajor Jodh Singh and J. S. Gusral
250 _aNew addition
260 _aNew Delhi :
_c2012
300 _a142 p. :
_bill. ;
_c19 cm
650 _aGeneral knowledge
650 _aInterview, ISSB
700 _a Gusral, J. S.
942 _2ddc
_cBK
_01